Jelzáloghitelek árazása a Budapest Bank gyakorlatában

Bibliographic Details
Main Author: Szakal Eszter
Other Authors: Bartha Dr. Andrea
Format: Project work
Kulcsszavak:Bank
jelzáloghitelek
SWOT analízis
Konkurencia-vizsgálat
kamat
Online Access:http://dolgozattar.uni-bge.hu/11549

MARC

LEADER 00000nnm a2200000 i 4500
001 dolg11549
005 20170629152600.0
008 170517suuuu hu o 000 hun d
040 |a BGE Dolgozattár Repozitórium  |b hun 
041 |a hu 
100 1 |a Szakal Eszter 
245 1 0 |a Jelzáloghitelek árazása a Budapest Bank gyakorlatában  |c Szakal Eszter  |h [elektronikus dokumentum] 
516 |a Project_work 
695 |a Bank 
695 |a jelzáloghitelek 
695 |a SWOT analízis 
695 |a Konkurencia-vizsgálat 
695 |a kamat 
700 1 |a Bartha Dr. Andrea  |e ths 
856 4 0 |u http://dolgozattar.uni-bge.hu/11549/1/szakdolgozat_repozit%C3%B3rium.pdf  |z Dokumentum-elérés